000 00331nam a22001337a 4500
008 170529b xxu||||| |||| 00| 0 eng d
020 _a9780130330857
041 _aeng
080 _a62
100 _a25
101 _aIM
245 _aANALYSIS AND DESIGN OF DISCRETE LINEAR CONTROL SYSTEMS
_cKUCERA.V
942 _2udc
_cBK
999 _c14783
_d14783